Sobre la encáustica y el fresco (Record no. 328)

MARC details
000 -CABECERA
campo de control de longitud fija 01088nam a2200253 a 4500
001 - NÚMERO DE CONTROL
campo de control BRCA_393
005 - FECHA Y HORA DE LA ÚLTIMA TRANSACCIÓN
campo de control 20190320203005.0
008 - DATOS DE LONGITUD FIJA--INFORMACIÓN GENERAL
campo de control de longitud fija 880729s1993 mx-#---###---f000-0#spa-#
020 ## - NÚMERO INTERNACIONAL ESTÁNDAR DEL LIBRO
Número Internacional Estándar del Libro 9686664705
040 ## - FUENTE DE LA CATALOGACIÓN
Centro catalogador/agencia de origen DLC
Centro/agencia transcriptor DLC
Centro/agencia modificador DLC
050 #4 - SIGNATURA TOPOGRÁFICA DE LA BIBLIOTECA DEL CONGRESO
Número de clasificación ND2644
Número de documento/Ítem .S64 1993
245 10 - MENCIÓN DE TÍTULO
Título Sobre la encáustica y el fresco
Resto del título Diego Rivera y Juan O´Gorman.
250 ## - MENCIÓN DE EDICIÓN
Mención de edición 2
260 ## - PUBLICACIÓN, DISTRIBUCIÓN, ETC.
Lugar de publicación, distribución, etc. México
Nombre del editor, distribuidor, etc. El Colegio Nacional
Fecha de publicación, distribución, etc. 1993
300 ## - DESCRIPCIÓN FÍSICA
Extensión 48 p.
Dimensiones 21 cm.
505 0# - NOTA DE CONTENIDO CON FORMATO
Nota de contenido con formato Contenido : Disertación sobre la técnica de la encáustica y del fresco / relatado por Diego Rivera a Juan O´Gorman. -- Técnica empleada por Diego Rivera para pintar al fresco / por Juan O´Gorman
600 14 - PUNTO DE ACCESO ADICIONAL DE MATERIA--NOMBRE DE PERSONA
Nombre de persona Rivera, Diego
Fechas asociadas al nombre 1886-1957
9 (RLIN) 1330
600 14 - PUNTO DE ACCESO ADICIONAL DE MATERIA--NOMBRE DE PERSONA
Nombre de persona O´Gorman, Juan
Fechas asociadas al nombre 1905
9 (RLIN) 1331
650 14 - PUNTO DE ACCESO ADICIONAL DE MATERIA--TÉRMINO DE MATERIA
Término de materia o nombre geográfico como elemento de entrada Pintura mural mexicana
Subdivisión cronológica Siglo XX
9 (RLIN) 482
650 14 - PUNTO DE ACCESO ADICIONAL DE MATERIA--TÉRMINO DE MATERIA
Término de materia o nombre geográfico como elemento de entrada Pintura encaústica
Subdivisión general Técnicas
9 (RLIN) 1332
700 1# - PUNTO DE ACCESO ADICIONAL--NOMBRE DE PERSONA
Nombre de persona Rivera, Diego
Fechas asociadas al nombre 1886-1957
Título de la obra Disertación sobre la técnica de la encáustica y del fresco
Fecha de publicación/de la obra 1993
9 (RLIN) 1333
700 1# - PUNTO DE ACCESO ADICIONAL--NOMBRE DE PERSONA
Nombre de persona O´Gorman, Juan
Fechas asociadas al nombre 1905-
Título de la obra Técnica empleada por Diego Rivera para pintar al fresco
Fecha de publicación/de la obra 1993
9 (RLIN) 1334
942 ## - ELEMENTOS DE PUNTO DE ACCESO ADICIONAL (KOHA)
Fuente del sistema de clasificación o colocación Library of Congress Classification
Tipo de ítem Koha Libros
Holdings
Estado de retiro Estado de pérdida Estado dañado No para préstamo Localización permanente Ubicación/localización actual Fecha de adquisición Total de préstamos Signatura topográfica completa Código de barras Fecha visto por última vez Precio válido a partir de Tipo de ítem Koha
El ejemplar forma parte de la colección y puede ser consultado según las políticas vigentes.       Biblioteca del Museo Franz Mayer (Rogerio Casas-Alatriste) Biblioteca del Museo Franz Mayer (Rogerio Casas-Alatriste) 25/06/2008   ND2644 .S64 1993 00693 22/03/2019 22/03/2019 Libros